书目信息 |
| 题名: |
中国地方特色风味
|
|
| 作者: | 张胜文 主编 | |
| 分册: | ||
| 出版信息: | 长春 吉林科学技术出版社 2002.02 |
|
| 页数: | 529页 | |
| 开本: | 20cm | |
| 丛书名: | ||
| 单 册: | ||
| 中图分类: | TS972.142 | |
| 科图分类: | ||
| 主题词: | 饮食业--供应技术 | |
| 电子资源: | ||
| ISBN: | 7-5384-2514-4 | |
| 000 | 00640nam0 2200205 45 | |
| 001 | 0211220827 | |
| 005 | 20021122084830.3 | |
| 010 | @a7-5384-2514-4@d25.00元 | |
| 100 | @a20021122d2002 km y0chiy0120 ea | |
| 101 | 0 | @achi |
| 105 | @a z 000yy | |
| 200 | 1 | @a中国地方特色风味@AZhong Guo Di Fang Te Se Feng Wei@e主食篇@EZhu Shi Pian@f张胜文主编@FZhang Sheng Wen Zhu Bian |
| 210 | @a长春@c吉林科学技术出版社@d2002.02 | |
| 215 | @a529页@d20cm | |
| 517 | @a主食篇@AZhu Shi Pian | |
| 606 | 0 | @a饮食业@x供应技术 |
| 690 | @aTS972.142@v3 | |
| 701 | 0 | @a张胜文@4主编 |
| 801 | @aCN@bPftUser@c20021122 | |
| 905 | @aBZT@b343250-254@dTS972.142@e1@f5 | |
| 中国地方特色风味:主食篇/张胜文主编.-长春:吉林科学技术出版社,2002.02 |
| 529页;20cm |
| ISBN 7-5384-2514-4:25.00元 |
| ● |
| 相关链接 |
|
|
|
正题名:中国地方特色风味
索取号:TS972.142/1
 
预约/预借
| 序号 | 登录号 | 条形码 | 馆藏地/架位号 | 状态 | 备注 |
| 1 | 343250 | 201388391 | 中心书库中库/ 中库024架A面4列7层15/ [索取号:TS972.142/1] | 在馆 | |
| 2 | 343251 | 201388435 | 中心书库中库/ 中库024架A面4列7层11/ [索取号:TS972.142/1] | 在馆 | |
| 3 | 343252 | 201388417 | 中心书库中库/ 中库024架A面4列7层13/ [索取号:TS972.142/1] | 在馆 | |
| 4 | 343253 | 201388060 | 中心书库中库/ 中库024架A面4列7层12/ [索取号:TS972.142/1] | 在馆 | |
| 5 | 343254 | 201388079 | 中心书库中库/ 中库024架A面4列7层14/ [索取号:TS972.142/1] | 在馆 |